| 000 | 00392nam a2200157Ia 4500 | ||
|---|---|---|---|
| 008 | 210716s2010 xx 000 0 und d | ||
| 020 | _a9781849204668 | ||
| 041 | _aeng | ||
| 082 | _a658.802 BAKM | ||
| 100 | _aBaker, Michael J;Saren, Michael. | ||
| 245 | _aMarketing theory. | ||
| 250 | _a2 | ||
| 260 |
_aNew Dilhi _bSage Publications _c2010 |
||
| 300 | _axvii,428 | ||
| 650 | _aMarketing | ||
| 999 |
_c205941 _d205941 |
||